[Event "COL-ch Superate B (Women)"]
[Site "Colombia"]
[Date "2015.10.14"]
[Round "6.6"]
[White "Idarraga Gallego, Maria Estefani"]
[Black "Guerra Verano, Diana"]
[Result "0-1"]
[WhiteElo "1537"]
[BlackElo "1647"]
[PlyCount "75"]
[EventDate "2015.10.14"]
[EventType "swiss (blitz)"]
[EventRounds "12"]
[EventCountry "COL"]
[SourceTitle "EXT 2024"]
[Source "ChessBase"]
[SourceDate "2023.10.10"]
[SourceVersion "1"]
[SourceVersionDate "2023.10.10"]
[SourceQuality "1"]

1. e4 c5 2. Nf3 e6 3. Nc3 a6 4. a3 b5 5. d3 Bb7 6. Be3 d5 7. exd5 exd5 8. d4 Nf6 9. g3 Nc6 10. Bg2 c4 11. 0-0 Be7 12. Bg5 0-0 13. Re1 h6 14. Bxf6 Bxf6 15. b3 cxb3 16. cxb3 Rc8 17. Na2 Qb6 18. Nb4 Nxb4 19. axb4 Rfe8 20. Rc1 Rxe1+ 21. Qxe1 Rxc1 22. Qxc1 Bxd4 23. Nxd4 Qxd4 24. Qe1 Qb6 25. Qd2 Qd8 26. Qd4 Bc8 27. Qxd5 Qxd5 28. Bxd5 Be6 29. Bxe6 fxe6 30. Kg2 Kf7 31. Kf3 Ke7 32. Ke4 Kd6 33. Kd4 e5+ 34. Kc3 Kd5 35. Kd3 e4+ 36. Ke3 Ke5 37. f3 exf3 38. Kxf3 0-1

[Event "COL-ch Superate B (Women)"]
[Site "Colombia"]
[Date "2015.10.14"]
[Round "8.10"]
[White "Medina Ortega, Natalia"]
[Black "Idarraga Gallego, Maria Estefani"]
[Result "1-0"]
[WhiteElo "1333"]
[BlackElo "1537"]
[PlyCount "47"]
[EventDate "2015.10.14"]
[EventType "swiss (blitz)"]
[EventRounds "12"]
[EventCountry "COL"]
[SourceTitle "EXT 2024"]
[Source "ChessBase"]
[SourceDate "2023.10.10"]
[SourceVersion "1"]
[SourceVersionDate "2023.10.10"]
[SourceQuality "1"]

1. d4 b6 2. Bf4 Bb7 3. e3 Nc6 4. Nf3 d5 5. c3 e6 6. Nbd2 Bd6 7. Ne5 g5 8. Bg3 Nf6 9. Bd3 Ne4 10. Nxe4 dxe4 11. Bxe4 Bxe5 12. Bxc6+ Bxc6 13. Bxe5 Rg8 14. Rg1 Qd5 15. Qb3 0-0-0 16. Qxd5 Rxd5 17. e4 Rd7 18. f3 h6 19. b4 f5 20. exf5 exf5 21. a4 Kb7 22. b5 Bd5 23. Rc1 Bc4 24. Kd2 1-0

[Event "Bogota IRT Categoria B U17 Girls"]
[Site "Bogota"]
[Date "2013.10.22"]
[Round "1.1"]
[White "Hernandez Fonseca, Maria Paula"]
[Black "Idarraga Gallego, Maria Estefani"]
[Result "1-0"]
[WhiteElo "1954"]
[BlackElo "1592"]
[PlyCount "39"]
[EventDate "2013.10.22"]
[EventType "swiss"]
[EventRounds "5"]
[EventCountry "COL"]
[SourceTitle "EXT 2024"]
[Source "ChessBase"]
[SourceDate "2023.10.10"]
[SourceVersion "1"]
[SourceVersionDate "2023.10.10"]
[SourceQuality "1"]

1. e4 e5 2. Nf3 Nc6 3. Bb5 d6 4. 0-0 Bd7 5. d4 Nf6 6. Re1 g6 7. Nc3 Bg7 8. Bg5 0-0 9. Bxc6 Bxc6 10. dxe5 dxe5 11. Qxd8 Raxd8 12. Nxe5 Rfe8 13. Nxc6 bxc6 14. e5 Re6 15. exf6 Bxf6 16. Rxe6 fxe6 17. Bxf6 Rd2 18. Ne4 Rxc2 19. Ng5 Kf8 20. Rd1 1-0